| 000 | 00940cam a2200169ua 4500 | ||
|---|---|---|---|
| 041 |
_aeng _h |
||
| 082 |
_a691.2 _bIND/SP |
||
| 100 | _a, . | ||
| 110 | 1 |
_aIndian standards institution . _bISI _c() |
|
| 245 | 0 | 0 |
_aSpecification for sand stone / _cIndian standards institution. _hTextual Documents |
| 250 |
_a1 / _b. |
||
| 260 |
_aNew Delhi : _bIndian standards institution , _c1978. |
||
| 300 | _a5 ; . | ||
| 504 | _a | ||
| 942 | _cBK | ||
| 999 |
_c11012 _d11012 |
||